Loading...
| Literature - American | 1 | 2 | 0 | 1 | 35 | 50 | 97.00 | 3 | 3 | 0.00 | 0.00 |
| Literature - European | 0 | 3 | 1 | 0 | 25 | 85 | 91.33 | 2 | 3 | 0.00 | 0.00 |
| Literature - British | 1 | 1 | 0 | 0 | 25 | 50 | 88.50 | 2 | 2 | 0.00 | 0.00 |
| Science - Physics | 0 | 2 | 0 | 1 | 20 | 125 | 126.50 | 1 | 2 | 0.00 | 0.00 |
| Ancient History and Archaeology | 1 | 0 | 0 | 0 | 15 | 66 | 66.00 | 1 | 1 | 0.00 | 0.00 |
| Other Academic | 0 | 1 | 0 | 0 | 10 | 78 | 78.00 | 0 | 1 | 0.00 | 0.00 |
| Other Arts: Auditory | 0 | 1 | 0 | 0 | 10 | 89 | 89.00 | 1 | 1 | 0.00 | 0.00 |
| Other Science: Astronomy | 0 | 1 | 0 | 0 | 10 | 115 | 115.00 | 0 | 1 | 0.00 | 0.00 |
| Fine Arts - Auditory | 0 | 1 | 0 | 1 | 10 | 136 | 136.00 | 0 | 1 | 0.00 | 0.00 |
| Chemistry> | 0 | 1 | 0 | 0 | 10 | 75 | 75.00 | 1 | 1 | 0.00 | 0.00 |
| World and Other Literature | 0 | 1 | 1 | 0 | 5 | 72 | 72.00 | 1 | 1 | 0.00 | 0.00 |
| History - World | 0 | 1 | 1 | 0 | 5 | 124 | 124.00 | 0 | 1 | 0.00 | 0.00 |
| Science - Biology | 0 | 2 | 3 | 1 | 5 | 107 | 120.50 | 1 | 2 | 0.00 | 0.00 |
| Beliefs | 0 | 1 | 1 | 0 | 5 | 127 | 127.00 | 1 | 1 | 0.00 | 0.00 |
| History - American | 0 | 0 | 1 | 0 | -5 | 0.00 | 0 | 0 | 0.00 | 0.00 | |
| Science - Chemistry | 0 | 0 | 1 | 0 | -5 | 0.00 | 0 | 0 | 0.00 | 0.00 | |
| Fine Arts - Visual | 0 | 0 | 1 | 0 | -5 | 0.00 | 0 | 0 | 0.00 | 0.00 | |
| Philosophy | 0 | 0 | 1 | 0 | -5 | 0.00 | 0 | 0 | 0.00 | 0.00 |